Joueurs de l’Olympique de Marseille saison 2025-2026 - Mort subite - Statistiques

Statistiques générales
  • Ce quiz a été pris 215 fois
  • Le résultat moyen est 13 sur 18
Answers on the Grid
Answers color-coded by a green-red scale on the quiz's grid according to % correct below.
Mason Greenwood
Pau Lopez
Benjamin Pavard
Adrien Rabiot
Jonathan Clauss
Angel Gomes
Leonardo Balerdi
Emerson Palmieri
Arthur Vermeeren
Maxime Lopez
Valentin Rongier
Nayef Aguerd
Geronimo Rulli
Jeffrey de Lange
Samuel Gigot
Alexis Sanchez
Quentin Merlin
Neal Maupay
Bilal Nadir
Jonathan Rowe
Pol Lirola
Ulisses Garcia
Facundo Medina
CJ Egan-Riley
Chancel Mbemba
Jordan Veretout
Ruben Blanco
Igor Paixao
Luis Henrique
Amine Gouiri
 
Statistiques - réponses
Réponse % Correct
Mason Greenwood
99%
Benjamin Pavard
91%
Angel Gomes
77%
Leonardo Balerdi
76%
Arthur Vermeeren
74%
Geronimo Rulli
74%
Nayef Aguerd
73%
Emerson Palmieri
71%
Igor Paixao
69%
Amine Gouiri
68%
Bilal Nadir
68%
Neal Maupay
67%
Facundo Medina
66%
CJ Egan-Riley
65%
Jeffrey de Lange
65%
Ulisses Garcia
63%
Pol Lirola
59%
Ruben Blanco
53%
Aucun quiz correspondant
Distribution des résultats
% des personnes avec chaque résultat
Percentile par nombre de réponses
Votre historique - résultats
Vous n’avez pas pris ce quiz